Álbum del Ferrocarril Mexicano (Record no. 8035)

MARC details
000 -CABECERA
campo de control de longitud fija 01012nam a2200265 a 4500
001 - NÚMERO DE CONTROL
campo de control BRCA_8367
005 - FECHA Y HORA DE LA ÚLTIMA TRANSACCIÓN
campo de control 20190320210242.0
008 - DATOS DE LONGITUD FIJA--INFORMACIÓN GENERAL
campo de control de longitud fija 290714s1877----mx-a###f##---#000-0#spa-#
041 ## - CÓDIGO DE LENGUA
Código de lengua del texto/banda sonora o título independiente spa
044 ## - CÓDIGO DEL PAÍS DE LA ENTIDAD EDITORA/PRODUCTORA
Código MARC del país mx
050 #4 - SIGNATURA TOPOGRÁFICA DE LA BIBLIOTECA DEL CONGRESO
Número de clasificación NE2314
Número de documento/Ítem .C37 1877
100 1# - ENTRADA PRINCIPAL--NOMBRE DE PERSONA
Nombre de persona Castro, Casimiro
Término indicativo de función/relación il.
9 (RLIN) 20964
245 10 - MENCIÓN DE TÍTULO
Título Álbum del Ferrocarril Mexicano
Resto del título colección de vistas pintadas del natural
Mención de responsabilidad, etc. por Casimiro Castro ; descripción del camino y de las regiones que recorre por Antonio García Cubas.
260 ## - PUBLICACIÓN, DISTRIBUCIÓN, ETC.
Lugar de publicación, distribución, etc. México
Nombre del editor, distribuidor, etc. Victor Debra
Fecha de publicación, distribución, etc. 1877
300 ## - DESCRIPCIÓN FÍSICA
Extensión 56 p.
Otras características físicas il. (algunas a color), 26 láminas
Dimensiones 34 cm.
500 ## - NOTA GENERAL
Nota general Estado físico: lomo y tapas desprendidas sujetadas por un lazo
500 ## - NOTA GENERAL
Nota general Ver también facsímil con número de control 1838
500 ## - NOTA GENERAL
Nota general R103
650 14 - PUNTO DE ACCESO ADICIONAL DE MATERIA--TÉRMINO DE MATERIA
Término de materia o nombre geográfico como elemento de entrada Ferrocarril mexicano
Subdivisión de forma Retratos
9 (RLIN) 20965
650 14 - PUNTO DE ACCESO ADICIONAL DE MATERIA--TÉRMINO DE MATERIA
Término de materia o nombre geográfico como elemento de entrada Ferrocarril mexicano
Subdivisión de forma Paisajes
9 (RLIN) 20966
650 14 - PUNTO DE ACCESO ADICIONAL DE MATERIA--TÉRMINO DE MATERIA
Término de materia o nombre geográfico como elemento de entrada Ferrocarril mexicano
Subdivisión general Descripción y viajes
9 (RLIN) 20967
700 1# - PUNTO DE ACCESO ADICIONAL--NOMBRE DE PERSONA
Nombre de persona García Cubas, Antonio
9 (RLIN) 20968
902 ## - CATALOGADOR
Iniciales GFM
942 ## - ELEMENTOS DE PUNTO DE ACCESO ADICIONAL (KOHA)
Fuente del sistema de clasificación o colocación Library of Congress Classification
Tipo de ítem Koha Libros
Holdings
Estado de retiro Estado de pérdida Estado dañado No para préstamo Localización permanente Ubicación/localización actual Fecha de adquisición Número de inventario Total de préstamos Signatura topográfica completa Código de barras Fecha visto por última vez Precio válido a partir de Tipo de ítem Koha
El ejemplar forma parte de la colección y puede ser consultado según las políticas vigentes.       Biblioteca del Museo Franz Mayer (Rogerio Casas-Alatriste) Biblioteca del Museo Franz Mayer (Rogerio Casas-Alatriste) 29/07/2014 R103   NE2314 .C37 1877 (R103) 8991 22/03/2019 22/03/2019 Libros